| 000 -LEADER |
| fixed length control field |
01360nam a2200193 4500 |
| 008 - FIXED-LENGTH DATA ELEMENTS--GENERAL INFORMATION |
| fixed length control field |
191223b ||||| |||| 00| 0 eng d |
| 100 ## - MAIN ENTRY--PERSONAL NAME |
| Personal name |
Wukich, Clayton |
| 245 ## - TITLE STATEMENT |
| Title |
Cross-sector emergency information networks on social media: Online bridging and bonding communication patterns |
| 260 ## - PUBLICATION, DISTRIBUTION, ETC. (IMPRINT) |
| Name of publisher, distributor, etc |
American Review of Public Administration |
| 300 ## - PHYSICAL DESCRIPTION |
| Extent |
49(7), Oct, 2019: p.825-839. |
| 520 ## - SUMMARY, ETC. |
| Summary, etc |
A key challenge for public administrators is facilitating communication among diverse actors. This article illustrates the information seeking and sharing preferences of notable emergency information suppliers on social media who operate primarily within four states. Through homophily and brokerage analyses, two basic communication preferences were noted: (a) bridging patterns in which actors interact with diverse sources of information, and (b) bonding patterns in which actors rely on sources from similar backgrounds. Both provide value for practitioners. A crucial task, then, is to balance those approaches and adjust to the shifting demands of the external environment. - Reproduced. |
| 650 ## - SUBJECT ADDED ENTRY--TOPICAL TERM |
| Topical term or geographic name as entry element |
Information network |
| 9 (RLIN) |
14811 |
| 650 ## - SUBJECT ADDED ENTRY--TOPICAL TERM |
| Topical term or geographic name as entry element |
Network analysis |
| 9 (RLIN) |
14812 |
| 700 ## - ADDED ENTRY--PERSONAL NAME |
| Personal name |
Hu, Qian |
| 9 (RLIN) |
14813 |
| 700 ## - ADDED ENTRY--PERSONAL NAME |
| Personal name |
Siciliano, Michael D. |
| 9 (RLIN) |
14814 |
| 773 ## - HOST ITEM ENTRY |
| Main entry heading |
American Review of Public Administration |
| 906 ## - LOCAL DATA ELEMENT F, LDF (RLIN) |
| Subject DIP |
Social media |
| 942 ## - ADDED ENTRY ELEMENTS (KOHA) |
| Source of classification or shelving scheme |
|
| Item type |
Articles |